<?xml version="1.0" encoding="UTF-8"?>
<record
    xmlns:xsi="http://www.w3.org/2001/XMLSchema-instance"
    xsi:schemaLocation="http://www.loc.gov/MARC21/slim http://www.loc.gov/standards/marcxml/schema/MARC21slim.xsd"
    xmlns="http://www.loc.gov/MARC21/slim">

  <leader>01184nab a2200241 i 4500</leader>
  <controlfield tag="001">BPP</controlfield>
  <controlfield tag="003">BPK</controlfield>
  <controlfield tag="005">20160412124602.0</controlfield>
  <controlfield tag="008">140813s1987    pl     f     |100 0 pol</controlfield>
  <datafield tag="040" ind1=" " ind2=" ">
    <subfield code="c">BPK</subfield>
  </datafield>
  <datafield tag="080" ind1=" " ind2=" ">
    <subfield code="a">534</subfield>
  </datafield>
  <datafield tag="100" ind1=" " ind2=" ">
    <subfield code="a">&#x141;UKIANOWICZ, Tatiana.</subfield>
    <subfield code="d">1973 - 1996.</subfield>
    <subfield code="b">Wy&#x17C;sza Szko&#x142;a In&#x17C;ynierska w Koszalinie - Wydzia&#x142; Mechaniczny,</subfield>
    <subfield code="c">Katedra In&#x17C;ynierii Produkcji</subfield>
  </datafield>
  <datafield tag="245" ind1=" " ind2=" ">
    <subfield code="a">Interferometr laserowy do pomiaru i analizy drga&#x144; mechanicznych /</subfield>
    <subfield code="c">Tatiana &#x141;ukianowicz.</subfield>
  </datafield>
  <datafield tag="260" ind1=" " ind2=" ">
    <subfield code="c">1987.</subfield>
  </datafield>
  <datafield tag="500" ind1=" " ind2=" ">
    <subfield code="a">Dane z autopsji.</subfield>
  </datafield>
  <datafield tag="520" ind1=" " ind2=" ">
    <subfield code="a">W artykule opisano pomiary parametr&#xF3;w drga&#x144; mechanicznych wykonywanych metod&#x105; interferometrii laserowej. Pomiary te s&#x105; szczeg&#xF3;lnie przydatne do dok&#x142;adnych pomiar&#xF3;w amplitud okresowych drga&#x144; obiekt&#xF3;w, kt&#xF3;rych powierzchnia charakteryzuje si&#x119; wysok&#x105; zdolno&#x15B;ci&#x105; refleksyjn&#x105;.</subfield>
  </datafield>
  <datafield tag="650" ind1=" " ind2="0">
    <subfield code="a">Interferometr.</subfield>
  </datafield>
  <datafield tag="650" ind1=" " ind2="0">
    <subfield code="a">Drgania - badanie.</subfield>
  </datafield>
  <datafield tag="655" ind1=" " ind2="0">
    <subfield code="a">Materia&#x142;y konferencyjne.</subfield>
  </datafield>
  <datafield tag="711" ind1=" " ind2=" ">
    <subfield code="a">Mi&#x119;dzyuczelniana Konferencja Metrolog&#xF3;w</subfield>
    <subfield code="n">(19 ;</subfield>
    <subfield code="d">1987 ;</subfield>
    <subfield code="c">Rzesz&#xF3;w, Polska).</subfield>
  </datafield>
  <datafield tag="773" ind1=" " ind2=" ">
    <subfield code="i">W :</subfield>
    <subfield code="t">Zeszyty Naukowe Politechniki Rzeszowskiej. -</subfield>
    <subfield code="g">1987, nr 37, s. 223-227</subfield>
    <subfield code="k">Elektrotechnika z.6</subfield>
  </datafield>
  <datafield tag="942" ind1=" " ind2=" ">
    <subfield code="c">ART</subfield>
    <subfield code="2">UKD</subfield>
  </datafield>
  <datafield tag="999" ind1=" " ind2=" ">
    <subfield code="c">6691</subfield>
    <subfield code="d">6691</subfield>
  </datafield>
  <datafield tag="952" ind1=" " ind2=" ">
    <subfield code="0">0</subfield>
    <subfield code="1">0</subfield>
    <subfield code="4">0</subfield>
    <subfield code="7">0</subfield>
    <subfield code="a">BPK</subfield>
    <subfield code="b">BPK</subfield>
    <subfield code="o">0991</subfield>
    <subfield code="y">ART</subfield>
  </datafield>
</record>
